Évangéline Deusse
Guardat en:
| Autor principal: | |
|---|---|
| Format: | Llibre |
| Idioma: | French |
| Publicat: |
Ottawa, Canadá
Leméac
1977
|
| Matèries: | |
| Etiquetes: |
Afegir etiqueta
Sense etiquetes, Sigues el primer a etiquetar aquest registre!
|
MARC
| LEADER | 00000nam a2200000Ia 4500 | ||
|---|---|---|---|
| 008 | 170316s9999 xx 000 0 fre d | ||
| 040 | |a cru BVZT | ||
| 090 | |a 818 M-5e | ||
| 100 | |a Maillet, Antonine | ||
| 245 | |a Évangéline Deusse | ||
| 260 | |a Ottawa, Canadá | ||
| 260 | |b Leméac | ||
| 260 | |c 1977 | ||
| 300 | |a 109 páginas | ||
| 650 | |a LITERATURA CANADIENSE | ||
| 999 | |c 6579 |d 6579 | ||
| 942 | |c 15 D |h 818 M-5e |2 z | ||
